000 00741nam a2200277Ia 4500
003 OSt
005 20221007103938.0
006 a|||||r|||| 00| 0
007 ta
008 221006b |||||||| |||| 00| 0 eng d
024 _a14,466
037 _cTextual
040 _aLCO
_cLCO
_beng
041 _2eng
_aeng
082 _aZ2,94, L5
100 _aMonir M.
245 0 _aPrinciples and Digest of the Law of Evidence.2V
250 _a5th
260 _aAllahabad
_bUniversity Book Agency India
_c1975
300 _a689
490 _vVol - 12
500 _aA commentary on the Indian Evidence Act (I of 1872)
650 _aEVIDENCE
942 _hZ2,94, L5
_cTEXL
999 _c1184029
_d1184029